Detalles MARC
| 000 -LIDER |
| fixed length control field |
00898cam a22003137 4500 |
| 001 - NÚMERO DE CONTROL |
| Identificador de número de control |
a3346502 |
| 003 - IDENTIFICACDOR DE NÚMERO DE CONTROL |
| control field |
DO-SdBNP |
| 005 - DATE AND TIME OF LATEST TRANSACTION |
| control field |
20180212154926.0 |
| 008 - ELEMENTOS DE LONGITUD FIJA |
| fixed length control field |
080402s2007 sp a | |||| 000 1 spa |
| 015 ## - NÚMERO DENTRO DE LA BIBLIOGRAFÍA NACIONAL |
| National bibliography number |
|
| 017 ## - NÚMERO DE REGISTRO DE DERECHOS DE AUTOR |
| Copyright or legal deposit number |
|
| Assigning agency |
|
| 020 ## - ISBN |
| International Standard Book Number |
9788426350039 |
| 035 ## - NÚMERO LOCAL |
| System control number |
(OCoLC) |
| 040 ## - FUENTE DE CATALOGACIÓN |
| Agencia que crea de manera original el registro |
BPMSU |
| Idioma de catalogación |
spa |
| Agencia que realiza la transcripción |
BPMSU |
| Convenciones de la despripción |
rdc |
| 041 ## - CÓDIGOS DE OBRAS TRADUCIDAS O EN VARIOS IDIOMAS |
| Código del idioma del texto/archivo de sonido o separata |
spa |
| Cód. del idioma original y/o traducciones intermedias del texto |
|
| 080 ## - NÚMERO DE CLASIFICACIÓN DECIMAL UNIVERSAL |
| Universal Decimal Classification number |
|
| 100 1# - ASIENTO PRINCIPAL -- NOMBRE PERSONAL |
| Nombre personal |
Hagen, Hans |
| Fechas asociadas con el nombre |
1955- |
| 240 13 - TITULO UNIFORME |
| Título uniforme |
De Kat en de adelaar |
| Idioma de una obra |
Español |
| 245 10 - MENCIÓN DE TITULO |
| Título |
Farid y el gato negro / |
| Medio (Designación general de material) |
|
| Mención de responsabilidad |
Hans Hagen ; ilustraciones, Philip Hopman ; traducción, Laurence Schröder |
| 250 ## - MENCIÓN DE EDICION |
| Mención de edición |
3ª imp. |
| 260 ## - PUBLICACIÓN, DISTRIBUCIÓN, ETC. (PIE DE IMPRENTA) |
| Lugar de publicación, distribución, etc |
Madrid : |
| Nombre del editor, distribuidor, etc. |
Edelvives, |
| Fecha de publicación, distribución, etc |
2007 |
| 300 ## - DESCRIPCIÓN FÍSICA |
| Extensión |
100 p. : |
| Otros detalles físicos |
il. ; |
| Dimensiones |
20 cm |
| 490 ## - MENCIÓN DE SERIES |
| Mención de serie |
Ala delta. |
| -- |
Serie azul |
| Volume/sequential designation |
15 |
| 700 1# - ASIENTO SECUNDARIO -- NOMBRE PERSONAL |
| Nombre personal |
Hopman, Philip |
| 830 ## - ASIENTO SECUNDARIO DE SERIE--TÍTULO UNIFORME |
| Título uniforme |
Ala delta. |
| Nombre de la parte o sección de una obra |
Serie azul |
| Volume number/sequential designation |
15 |
| 942 ## - ADDED ENTRY ELEMENTS (KOHA) |
| Source of classification or shelving scheme |
Dewey Decimal Classification |
| Koha item type |
Libros |
| 945 ## - INFORMACIÓN DE PROCESAMIENTO LOCAL |
| Información de procesamiento local |
Inventariado, 2018 / BT |
| 956 ## - LOCAL ELECTRONIC LOCATION AND ACCESS (OCLC) |
| Nombre de host |
VMATEO |
| Número de acceso |
10 |
| Información de compresión |
20170117 |
| Trayectoria |
BPMSU |
| Nombre Electrónico |
0069 |